| 000 | 01559nam0a2200373 4500 | ||
|---|---|---|---|
| 001 | RU\NLR\bibl\387902 | ||
| 005 | 20250622155713.0 | ||
| 010 |
_a5-9221-0288-5 _93000 |
||
| 021 |
_aRU _b2002-67135 _93255 |
||
| 035 | _a(NLR Aleph) 000382242 | ||
| 090 |
_a463033 _c463033 |
||
| 100 | _a20030402d2003 |||y0rusy50 ca | ||
| 101 | 0 | _arus | |
| 102 | _aRU | ||
| 105 | _ay ||||||||| | ||
| 200 | 1 |
_aСправочник по интегральным уравнениям _fА. Д. Полянин, А. В. Манжиров |
|
| 210 |
_aМ. _cФизматлит _cНаука/Интерпериодика _d2003 |
||
| 215 |
_a608 с. _d25 |
||
| 225 | 1 | _aСправочная физико-математическая литература | |
| 320 | _aБиблиогр.: с. 605-608 | ||
| 606 | 0 |
_aИнтегральные уравнения _jСправочники _91313558 _3RU\NLR\auth\66228692 |
|
| 610 | 0 | _aИнтегральные уравнения - Справочники | |
| 675 |
_a517.3(035) _v3 _zrus |
||
| 686 |
_a27.23 _2rugasnti |
||
| 686 |
_a22.16я2 _2rubbk |
||
| 686 | _aВ161.7я22 | ||
| 700 | 1 |
_4070 _7ca _8rus _aПолянин _bА. Д. _cд-р физ.-мат. наук _f1951- _gАндрей Дмитриевич _9163130 _3RU\NLR\AUTH\770163174 |
|
| 701 | 1 |
_4070 _7ca _8rus _aМанжиров _bА. В. _f1957- _gАлександр Владимирович _9177431 _3RU\NLR\AUTH\770177482 |
|
| 801 | 0 |
_aRU _bRKP _c20030402 _gPSBO |
|
| 801 | 1 |
_aRU _bRKP _c20030402 |
|
| 801 | 2 |
_aRU _bNLR _c20030512 _grcr |
|
| 942 | _cBOOK | ||
| 980 | _aNB | ||